| 000 | 00404pab a2200157 454500 | ||
|---|---|---|---|
| 008 | 180718b1997 xxu||||| |||| 00| 0 eng d | ||
| 100 | _aDuffy, Diane M. | ||
| 245 | _aAn assessment of health policy reform in Russia | ||
| 260 | _c1997 | ||
| 300 | _ap.535-56 | ||
| 362 | _aWinter | ||
| 650 | _aHealth services - Russia | ||
| 650 | _aHealth policy | ||
| 773 | _aPolicy Studies Journal | ||
| 909 | _a37626 | ||
| 999 |
_c37626 _d37626 |
||